Les survivants / (Registro nro. 125968)

Detalles MARC
000 -LEADER
campo de control de longitud fija 00482nam a2200157 4500
001 - NÚMERO DE CONTROL
campo de control 125968
003 - IDENTIFICADOR DE NÚMERO DE CONTROL
campo de control ES-MaACL
007 - CAMPO FIJO DE DESCRIPCIÓN FÍSICA--INFORMACIÓN GENERAL
campo de control de longitud fija t|
008 - DATOS DE LONGITUD FIJA--INFORMACIÓN GENERAL
campo de control de longitud fija 070214s1974 fr r ||||1| fre d
100 1# - ENTRADA PRINCIPAL--NOMBRE DE PERSONA
Nombre de persona Read, Piers Paul.
9 (RLIN) 95670
245 14 - MENCIÓN DEL TÍTULO
Título Les survivants /
Mención de responsabilidad, etc. Piers Paul Read ; traduit de l'anglais par Marcel Schneider.
260 ## - PUBLICACIÓN, DISTRIBUCIÓN, ETC.
Lugar de publicación, distribución, etc. Paris :
Nombre del editor, distribuidor, etc. Bernard Grasset,
Fecha de publicación, distribución, etc. 1974.
300 ## - DESCRIPCIÓN FÍSICA
Extensión 351 p., 8 lám. ;
Dimensiones 24 cm.
700 1# - ENTRADA AGREGADA--NOMBRE PERSONAL
Nombre de persona Schneider, Marcel.
9 (RLIN) 104568
852 ## - LOCALIZACIÓN
Ubicación ES-MaACL
Número de control de estantería E-6847
Sublocalización o colección R.91353
Existencias
Estatus retirado Estado de pérdida Estado de daño No para préstamo Biblioteca de origen Biblioteca actual Ubicación en estantería Fecha de adquisición Fuente de adquisición Total de préstamos Signatura topográfica completa Código de barras Visto por última vez Precio de reemplazo Tipo de ítem Koha
        Biblioteca del Ateneo de Madrid Biblioteca del Ateneo de Madrid Depósito 2 17/01/2008     E-6847 1131215 23/02/2023 23/02/2023 Libro impreso